| 000 | 00602nam a22002057a 4500 | ||
|---|---|---|---|
| 005 | 20251108170529.0 | ||
| 008 | 250721s1999 xx 000 0 ara d | ||
| 082 | 1 | 4 | _a891.5/درو |
| 100 | 1 | _aالدروبي، محمد | |
| 245 | 1 | 0 | _aالتوقيعات الفارسية المعربة / |
| 264 | 1 |
_aالمفرق : _bجامعة آل البيت، _c1999. |
|
| 300 | _a191ص. | ||
| 650 | 1 | 7 | _aالأدب |
| 650 | 1 | 7 | _aالأدب الفارسي |
| 650 | 1 | 7 | _aالأدب المقارن |
| 650 | 1 | 7 | _aالأدب العربي |
| 700 | 1 | _aجرار، صلاح | |
| 942 |
_2ddc _cBK |
||
| 999 |
_c42787 _d42787 |
||